[Event "SC Rochade Emsdetten 1 - SK Metelen 1"]
[Site "Regionalliga, Gr. 1 2022/2023"]
[Date "2023.01.14"]
[Round "5.1"]
[White "Koch, Alexander"]
[Black "Hiller, Simon"]
[Result "0-1"]
[WhiteElo "2028"]
[BlackElo "2157"]
[PlyCount "60"]
[EventDate "2023.??.??"]
[SourceTitle "Verband Muensterland"]
[SourceDate "2023.02.09"]
[SourceVersion "1"]
[SourceVersionDate "2023.02.09"]
[SourceQuality "1"]
[WhiteTeam "SK Metelen 1"]
[BlackTeam "SC Rochade Emsdetten 1"]

1. e4 c6 2. c4 d5 3. cxd5 cxd5 4. exd5 Nf6 5. Bb5+ Nbd7 6. Nc3 a6 7. Qa4 Rb8 8.
Bxd7+ Qxd7 9. Qf4 Ra8 10. Nf3 Nxd5 11. Nxd5 Qxd5 12. O-O g6 13. Re1 Bg7 14. Qh4
O-O 15. Rxe7 Bd7 16. d4 Rfe8 17. Bg5 Bc6 18. b3 Qf5 19. Re3 f6 20. Bh6 g5 21.
Qh5 Rxe3 22. fxe3 Be8 23. Nh4 Qe4 24. Qf3 Qxf3 25. gxf3 Bxh6 26. Nf5 Bf8 27. d5
Bd7 28. Nd4 Rc8 29. Kf2 Rc5 30. e4 Bd6 0-1

[Event "SC Rochade Emsdetten 1 - SK Metelen 1"]
[Site "Regionalliga, Gr. 1 2022/2023"]
[Date "2023.01.14"]
[Round "5.2"]
[White "Mueller, Achim"]
[Black "Bernink, Henk"]
[Result "1-0"]
[WhiteElo "1979"]
[BlackElo "2012"]
[PlyCount "83"]
[EventDate "2023.??.??"]
[SourceTitle "Verband Muensterland"]
[SourceDate "2023.02.09"]
[SourceVersion "1"]
[SourceVersionDate "2023.02.09"]
[SourceQuality "1"]
[WhiteTeam "SC Rochade Emsdetten 1"]
[BlackTeam "SK Metelen 1"]

1. e4 c6 2. Nc3 d5 3. Qf3 e5 4. exd5 Nf6 5. Bc4 Bg4 6. Qg3 Bd6 7. d3 e4 8. Bf4
Bxf4 9. Qxf4 b5 10. Bb3 exd3 11. Qe3+ Qe7 12. dxc6 Nxc6 13. Nxb5 Qxe3+ 14. fxe3
Rb8 15. Ba4 O-O 16. cxd3 Ne5 17. Kd2 a6 18. Nd4 Rxb2+ 19. Bc2 Rc8 20. h3 Bd7
21. Ngf3 Nxf3+ 22. gxf3 Ba4 23. Rhc1 Nd5 24. e4 Bxc2 25. Rxc2 Rcxc2+ 26. Nxc2
Nb4 27. Kc3 Rxc2+ 28. Kxb4 Rd2 29. Kc4 Kf8 30. d4 Ke7 31. Kd5 Kd7 32. Rb1 Kc7
33. Rg1 g6 34. Ke5 Rxa2 35. Rc1+ Kd7 36. Rb1 Rf2 37. Rb7+ Ke8 38. f4 a5 39. Ra7
Ra2 40. d5 a4 41. Kd6 Kf8 42. Ra8+ 1-0

[Event "SC Rochade Emsdetten 1 - SK Metelen 1"]
[Site "Regionalliga, Gr. 1 2022/2023"]
[Date "2023.01.14"]
[Round "5.3"]
[White "Poelstra, Ben"]
[Black "Lemli, Thomas"]
[Result "1-0"]
[WhiteElo "1981"]
[BlackElo "1976"]
[PlyCount "143"]
[EventDate "2023.??.??"]
[SourceTitle "Verband Muensterland"]
[SourceDate "2023.02.09"]
[SourceVersion "1"]
[SourceVersionDate "2023.02.09"]
[SourceQuality "1"]
[WhiteTeam "SK Metelen 1"]
[BlackTeam "SC Rochade Emsdetten 1"]

1. e4 c6 2. d4 d5 3. exd5 cxd5 4. c4 Nf6 5. Nc3 Nc6 6. Nf3 a6 7. Bg5 Be6 8. c5
g6 9. Bxf6 exf6 10. Be2 Bg7 11. O-O O-O 12. Qd2 f5 13. Rfd1 Qf6 14. g3 Rad8 15.
Rab1 g5 16. Qxg5 Qxg5 17. Nxg5 Bxd4 18. Bf3 Bf6 19. Nxe6 fxe6 20. Ne2 Rfe8 21.
b4 Ne5 22. Bg2 Nc4 23. Nd4 Kf7 24. a4 Bxd4 25. Rxd4 Re7 26. f4 Kf6 27. Kf2 Rc8
28. Bf1 a5 29. Bxc4 dxc4 30. Rxc4 axb4 31. Rbxb4 Rec7 32. Rb5 h5 33. Ke3 h4 34.
a5 hxg3 35. hxg3 Rg8 36. Kf2 Ra8 37. Rc3 Rd8 38. Rcb3 Rdd7 39. Kf3 Rg7 40. Re3
Rc6 41. Rb6 Rgc7 42. g4 fxg4+ 43. Kxg4 Rxb6 44. cxb6 Rc5 45. Re5 Rc4 46. Rb5
Ra4 47. Rh5 Ke7 48. Rh7+ Kd6 49. Rxb7 Rxa5 50. Ra7 Rb5 51. b7 Kc7 52. b8=Q+
Kxb8 53. Ra6 Kc7 54. Rxe6 Kd7 55. f5 Rb1 56. Kg5 Rg1+ 57. Kf6 Rf1 58. Re5 Kd6
59. Re2 Kd7 60. Kg6 Rg1+ 61. Kf7 Kd6 62. f6 Kd7 63. Rd2+ Kc8 64. Kf8 Rg3 65.
Rd6 Kc7 66. Rd4 Rg1 67. f7 Re1 68. Kg7 Rg1+ 69. Kf6 Rf1+ 70. Kg6 Kc8 71. Rd5
Kc7 72. Rf5 1-0

[Event "SC Rochade Emsdetten 1 - SK Metelen 1"]
[Site "Regionalliga, Gr. 1 2022/2023"]
[Date "2023.01.14"]
[Round "5.4"]
[White "Nordholt, Uwe"]
[Black "Grotenhuis, Gerard"]
[Result "1-0"]
[WhiteElo "1849"]
[BlackElo "1931"]
[PlyCount "75"]
[EventDate "2023.??.??"]
[SourceTitle "Verband Muensterland"]
[SourceDate "2023.02.09"]
[SourceVersion "1"]
[SourceVersionDate "2023.02.09"]
[SourceQuality "1"]
[WhiteTeam "SC Rochade Emsdetten 1"]
[BlackTeam "SK Metelen 1"]

1. d4 d5 2. c4 e6 3. Nf3 f5 4. e3 Nf6 5. Nc3 c6 6. cxd5 exd5 7. Ne5 Nbd7 8. f4
Nxe5 9. fxe5 Ne4 10. Nxe4 fxe4 11. g3 Qg5 12. Be2 Bh3 13. Qb3 O-O-O 14. Bd2 Bg2
15. Rg1 Bf3 16. Bxf3 exf3 17. Rf1 Qf5 18. Rf2 g5 19. a4 g4 20. a5 h5 21. Rc1
Rh6 22. a6 b6 23. Bb4 h4 24. Bxf8 Qxf8 25. gxh4 Qe8 26. Qa4 Kb8 27. b4 b5 28.
Qc2 Qe7 29. Qf5 Qxh4 30. e6 Rc8 31. Qe5+ Ka8 32. Qd6 g3 33. hxg3 Qh1+ 34. Kd2
Qh5 35. Rxc6 Qe8 36. Rxc8+ Qxc8 37. Qxd5+ Kb8 38. Qxb5+ 1-0

[Event "SC Rochade Emsdetten 1 - SK Metelen 1"]
[Site "Regionalliga, Gr. 1 2022/2023"]
[Date "2023.01.14"]
[Round "5.6"]
[White "Weist, Thorsten"]
[Black "Wigger, Frank"]
[Result "0-1"]
[WhiteElo "1731"]
[BlackElo "1848"]
[PlyCount "78"]
[EventDate "2023.??.??"]
[SourceTitle "Verband Muensterland"]
[SourceDate "2023.02.09"]
[SourceVersion "1"]
[SourceVersionDate "2023.02.09"]
[SourceQuality "1"]
[WhiteTeam "SC Rochade Emsdetten 1"]
[BlackTeam "SK Metelen 1"]

1. d4 Nf6 2. Nf3 c5 3. d5 e6 4. c4 b5 5. dxe6 fxe6 6. cxb5 d5 7. Bg5 Be7 8. e3
O-O 9. Nc3 Bb7 10. Be2 Nbd7 11. O-O Qe8 12. Qb3 Qg6 13. e4 c4 14. Qd1 dxe4 15.
Nd4 Qxg5 16. Nxe6 Qe5 17. Nxf8 Rxf8 18. Bxc4+ Kh8 19. Qe2 Bd6 20. g3 Qf5 21.
Rad1 Bc5 22. Na4 Ne5 23. Nxc5 Nf3+ 24. Kg2 Qxc5 25. Bb3 Qh5 26. Rh1 Re8 27. Qe3
Qxb5 28. h3 h6 29. Rc1 Qe5 30. Rc5 Qxb2 31. Bf7 Rd8 32. Rhc1 Ne5 33. Bb3 Nd3
34. R1c2 Qb1 35. Rc7 Ne1+ 36. Kh2 Nf3+ 37. Qxf3 exf3 38. Rc1 Qe4 39. Bc2 Qe2
0-1

[Event "SC Rochade Emsdetten 1 - SK Metelen 1"]
[Site "Regionalliga, Gr. 1 2022/2023"]
[Date "2023.01.14"]
[Round "5.7"]
[White "Gravenkoetter, Christian"]
[Black "Bahr, Maximilian"]
[Result "1-0"]
[WhiteElo "1648"]
[BlackElo "1739"]
[PlyCount "109"]
[EventDate "2023.??.??"]
[SourceTitle "Verband Muensterland"]
[SourceDate "2023.02.09"]
[SourceVersion "1"]
[SourceVersionDate "2023.02.09"]
[SourceQuality "1"]
[WhiteTeam "SK Metelen 1"]
[BlackTeam "SC Rochade Emsdetten 1"]

1. f4 d5 2. e3 Nf6 3. Nf3 Nc6 4. b3 d4 5. exd4 Nxd4 6. Bb2 c5 7. Be2 a6 8. c4
Nxe2 9. Qxe2 e6 10. O-O Be7 11. Nc3 O-O 12. Ne4 Bd7 13. Ne5 Be8 14. Rfd1 Qc7
15. d4 cxd4 16. Bxd4 Rd8 17. Qe3 Nxe4 18. Qxe4 Rxd4 19. Rxd4 Bc5 20. Kf1 Bxd4
21. Qxd4 f6 22. Nd3 e5 23. Qc5 Qd7 24. Qe3 Bg6 25. Rd1 exf4 26. Qf3 Qe7 27.
Nxf4 Be4 28. Qh3 f5 29. Qg3 Qe5 30. Rd7 g6 31. Nxg6 Qxg3 32. Ne7+ Kh8 33. hxg3
Rf7 34. Rd8+ Kg7 35. Nd5 Bb1 36. Nc3 Be4 37. Nxe4 fxe4+ 38. Ke2 Re7 39. Rd6 h6
40. Ke3 Kh7 41. Rd4 Rg7 42. Kf4 e3 43. Re4 Rd7 44. Kxe3 Kg6 45. a4 Kf6 46. Rd4
Rg7 47. Kf4 Ke6 48. c5 h5 49. Rd6+ Ke7 50. Rh6 Rg4+ 51. Kf3 Rb4 52. Rb6 Rxb6
53. cxb6 a5 54. g4 h4 55. g5 1-0

[Event "SF Telgte 1 - Schachklub Münster 32 e."]
[Site "Regionalliga, Gr. 1 2022/2023"]
[Date "2023.01.14"]
[Round "5.1"]
[White "Jansen, Dirk"]
[Black "Pohl, Detlev"]
[Result "1-0"]
[WhiteElo "2012"]
[BlackElo "1835"]
[PlyCount "125"]
[EventDate "2023.??.??"]
[SourceTitle "Verband Muensterland"]
[SourceDate "2023.02.09"]
[SourceVersion "1"]
[SourceVersionDate "2023.02.09"]
[SourceQuality "1"]
[WhiteTeam "Schachklub Münster 32 e. V. 4"]
[BlackTeam "SF Telgte 1"]

1. c4 Nf6 2. Nc3 g6 3. g3 Bg7 4. Bg2 O-O 5. d4 d6 6. Nf3 c6 7. O-O Nbd7 8. e4
Qc7 9. h3 b6 10. Re1 e5 11. Be3 Re8 12. Kh2 Bb7 13. Qd2 Rad8 14. Bg5 Rb8 15. d5
a6 16. Rad1 c5 17. Nh4 Nh5 18. Bf3 Nhf6 19. Be2 Bc8 20. a4 Nf8 21. Bf1 Nh5 22.
Ng2 Qd7 23. g4 f6 24. Be3 g5 25. gxh5 Qxh3+ 26. Kg1 Qxh5 27. Ne2 Qg6 28. Ng3 h5
29. Be2 g4 30. Nh4 Qh7 31. Ngf5 Ng6 32. Nxg6 Qxg6 33. Nxd6 Rf8 34. Nxc8 Rbxc8
35. Bd3 Rcd8 36. Kg2 a5 37. Rh1 Kf7 38. Rh4 Rh8 39. Rdh1 Ke7 40. f3 Rdg8 41.
fxg4 hxg4 42. Rxh8 Rxh8 43. Rxh8 Bxh8 44. Kg3 Bg7 45. Qd1 Bh6 46. Qd2 Bxe3 47.
Qxe3 Qh5 48. Kg2 Qh4 49. Be2 g3 50. Qxg3 Qxe4+ 51. Bf3 Qc2+ 52. Kh3 Qh7+ 53.
Qh4 Qd3 54. Qe4 Qf1+ 55. Bg2 Qc1 56. d6+ Kxd6 57. Qc6+ Ke7 58. Qc7+ Kf8 59.
Qd8+ Kg7 60. Qe7+ Kg6 61. Be4+ Kg5 62. Qg7+ Kf4 63. Qh6+ 1-0

[Event "SF Telgte 1 - Schachklub Münster 32 e."]
[Site "Regionalliga, Gr. 1 2022/2023"]
[Date "2023.01.14"]
[Round "5.2"]
[White "Kuhlenbaeumer, Alfred"]
[Black "Blockhaus, Tobias"]
[Result "0-1"]
[WhiteElo "1846"]
[BlackElo "1876"]
[PlyCount "56"]
[EventDate "2023.??.??"]
[SourceTitle "Verband Muensterland"]
[SourceDate "2023.02.09"]
[SourceVersion "1"]
[SourceVersionDate "2023.02.09"]
[SourceQuality "1"]
[WhiteTeam "SF Telgte 1"]
[BlackTeam "Schachklub Münster 32 e. V. 4"]

1. e4 c5 2. f4 d5 3. exd5 Qxd5 4. Nc3 Qd6 5. Bb5+ Nc6 6. Nf3 Nf6 7. Ne5 a6 8.
Bxc6+ bxc6 9. O-O g6 10. Qf3 Bf5 11. d3 Rc8 12. Be3 Nd5 13. Nc4 Qc7 14. Bxc5
Nxc3 15. bxc3 Bg7 16. Rae1 Be6 17. Re3 O-O 18. f5 Bxc4 19. Rxe7 Qa5 20. Bb4
Qb6+ 21. Kh1 Bd5 22. Qh3 c5 23. Ba3 Bf6 24. Re3 Bxc3 25. Rg3 Rce8 26. Rg4 Re2
27. d4 Bxd4 28. fxg6 hxg6 0-1

[Event "SF Telgte 1 - Schachklub Münster 32 e."]
[Site "Regionalliga, Gr. 1 2022/2023"]
[Date "2023.01.14"]
[Round "5.4"]
[White "Esser, Peter"]
[Black "Schulz, Stefan"]
[Result "1/2-1/2"]
[WhiteElo "1785"]
[BlackElo "1840"]
[PlyCount "118"]
[EventDate "2023.??.??"]
[SourceTitle "Verband Muensterland"]
[SourceDate "2023.02.09"]
[SourceVersion "1"]
[SourceVersionDate "2023.02.09"]
[SourceQuality "1"]
[WhiteTeam "SF Telgte 1"]
[BlackTeam "Schachklub Münster 32 e. V. 4"]

1. d4 d5 2. c4 c6 3. Nf3 Nf6 4. Nc3 a6 5. e3 Bg4 6. Qc2 g6 7. Ne5 Be6 8. b3 Bg7
9. Bd2 b5 10. Rc1 O-O 11. Bd3 Nfd7 12. cxd5 cxd5 13. Nf3 Nf6 14. h3 Nbd7 15.
O-O Rc8 16. Qb1 Qb6 17. Ne2 Rfd8 18. Bb4 Bf8 19. Nf4 a5 20. Nxe6 fxe6 21. Ba3
b4 22. Bb2 Bg7 23. Ng5 Qd6 24. Nf3 Ne8 25. Bb5 Qb8 26. Rxc8 Qxc8 27. Rc1 Qb8
28. Bxd7 Rxd7 29. Rc5 Qb6 30. Rc8 Kf8 31. Qc2 Rc7 32. Rxc7 Qxc7 33. Qxc7 Nxc7
34. Kf1 Bf6 35. Ke2 Nb5 36. Ne1 Nd6 37. Nd3 Nb7 38. a3 bxa3 39. Bxa3 Ke8 40.
Nc5 Nxc5 41. Bxc5 e5 42. Bb6 exd4 43. exd4 Kd7 44. Kd3 Kc6 45. Bxa5 Kb5 46. Bc3
h5 47. Ke2 Kc6 48. Kf3 Kd6 49. Kf4 e6 50. g3 Bd8 51. h4 Bf6 52. Ke3 Bg7 53. Kd3
Kc6 54. Bd2 Kb5 55. Bc3 Kc6 56. f3 Bf6 57. Be1 Kb5 58. Bd2 Bg7 59. Kc3 Bf8
1/2-1/2

[Event "SF Telgte 1 - Schachklub Münster 32 e."]
[Site "Regionalliga, Gr. 1 2022/2023"]
[Date "2023.01.14"]
[Round "5.5"]
[White "Voss, Andreas"]
[Black "Stepa, Rainer"]
[Result "1-0"]
[WhiteElo "1819"]
[BlackElo "1741"]
[PlyCount "55"]
[EventDate "2023.??.??"]
[SourceTitle "Verband Muensterland"]
[SourceDate "2023.02.09"]
[SourceVersion "1"]
[SourceVersionDate "2023.02.09"]
[SourceQuality "1"]
[WhiteTeam "Schachklub Münster 32 e. V. 4"]
[BlackTeam "SF Telgte 1"]

1. d4 d5 2. c4 c6 3. Nc3 Nf6 4. Bg5 Nbd7 5. e3 e6 6. Nf3 Be7 7. Bd3 O-O 8. O-O
b6 9. Rc1 Bb7 10. a3 dxc4 11. Bxc4 c5 12. Qe2 Ne4 13. Nxe4 Bxe4 14. Bf4 cxd4
15. exd4 Nf6 16. Rfd1 Bd5 17. Ba6 Bd6 18. Ne5 h6 19. f3 Qe7 20. Bg3 Bb7 21. Bd3
Rac8 22. Bh4 Rxc1 23. Rxc1 Rc8 24. Rxc8+ Bxc8 25. Ng4 Qc7 26. Bxf6 gxf6 27.
Nxf6+ Kg7 28. Ne8+ 1-0

[Event "SF Telgte 1 - Schachklub Münster 32 e."]
[Site "Regionalliga, Gr. 1 2022/2023"]
[Date "2023.01.14"]
[Round "5.6"]
[White "Rex, Dieter"]
[Black "Schoepper, Oliver"]
[Result "1/2-1/2"]
[WhiteElo "1726"]
[BlackElo "1778"]
[PlyCount "45"]
[EventDate "2023.??.??"]
[SourceTitle "Verband Muensterland"]
[SourceDate "2023.02.09"]
[SourceVersion "1"]
[SourceVersionDate "2023.02.09"]
[SourceQuality "1"]
[WhiteTeam "SF Telgte 1"]
[BlackTeam "Schachklub Münster 32 e. V. 4"]

1. d4 d5 2. c4 c6 3. Nf3 Nf6 4. Nc3 e6 5. Bg5 Nbd7 6. e3 Qa5 7. a3 Ne4 8. Rc1
Nxg5 9. Nxg5 Nf6 10. c5 h6 11. Nf3 Be7 12. Bd3 Qc7 13. Ne5 Bxc5 14. Nxf7 Qxf7
15. dxc5 e5 16. f3 O-O 17. O-O Be6 18. Qa4 Qe7 19. b4 Bf7 20. Qc2 Rae8 21. Rce1
e4 22. Be2 Bg6 23. f4 1/2-1/2

[Event "SF Telgte 1 - Schachklub Münster 32 e."]
[Site "Regionalliga, Gr. 1 2022/2023"]
[Date "2023.01.14"]
[Round "5.7"]
[White "Sokolowski, Cyril"]
[Black "Dieckmann, Werner"]
[Result "1-0"]
[WhiteElo "1759"]
[BlackElo "1777"]
[PlyCount "59"]
[EventDate "2023.??.??"]
[SourceTitle "Verband Muensterland"]
[SourceDate "2023.02.09"]
[SourceVersion "1"]
[SourceVersionDate "2023.02.09"]
[SourceQuality "1"]
[WhiteTeam "Schachklub Münster 32 e. V. 4"]
[BlackTeam "SF Telgte 1"]

1. e4 e5 2. Nf3 Nc6 3. Bc4 d6 4. c3 Be7 5. d3 Na5 6. Bb5+ Bd7 7. Ba4 b5 8. Bc2
c5 9. Nbd2 Nf6 10. Nf1 Nc6 11. Ng3 a5 12. a3 h6 13. Bb3 Qc8 14. O-O Bg4 15. h3
Be6 16. Bxe6 Qxe6 17. Nf5 O-O 18. Nh2 d5 19. Ng4 Nxg4 20. Qxg4 g5 21. exd5 Qxd5
22. Nxh6+ Kh7 23. Qh5 Qxd3 24. Nxf7+ Kg7 25. Nxg5 Bxg5 26. Bxg5 Rh8 27. Qg4 Qg6
28. Rad1 Rh5 29. Rd7+ Kg8 30. Bf6 1-0

[Event "SF Telgte 1 - Schachklub Münster 32 e."]
[Site "Regionalliga, Gr. 1 2022/2023"]
[Date "2023.01.14"]
[Round "5.8"]
[White "Stephan, Matthias"]
[Black "Leder, Nils"]
[Result "1/2-1/2"]
[WhiteElo "1617"]
[BlackElo "1911"]
[PlyCount "72"]
[EventDate "2023.??.??"]
[SourceTitle "Verband Muensterland"]
[SourceDate "2023.02.09"]
[SourceVersion "1"]
[SourceVersionDate "2023.02.09"]
[SourceQuality "1"]
[WhiteTeam "SF Telgte 1"]
[BlackTeam "Schachklub Münster 32 e. V. 4"]

1. d4 Nf6 2. c4 g6 3. Nc3 d5 4. Bg5 Ne4 5. Bh4 Nxc3 6. bxc3 Bg7 7. e3 c5 8.
cxd5 Qxd5 9. Qf3 Qd7 10. Bc4 O-O 11. Ne2 Nc6 12. O-O Na5 13. Bb3 cxd4 14. exd4
e5 15. Rad1 Nxb3 16. axb3 exd4 17. Nxd4 Qg4 18. Qxg4 Bxg4 19. f3 Bd7 20. Rd3 b5
21. Rfd1 Rfc8 22. Bf2 a5 23. Ne2 Be8 24. Bd4 a4 25. bxa4 bxa4 26. Bxg7 Kxg7 27.
Nd4 Rab8 28. Re3 Kf6 29. Ra1 Rc4 30. Ra3 Bd7 31. Kf2 Rb1 32. h3 h5 33. g4 hxg4
34. fxg4 Bc8 35. Kg3 Bb7 36. Nf3 Bxf3 1/2-1/2

[Event "SC Klein-Berlin Rheine 1 - SC Falke Sae"]
[Site "Regionalliga, Gr. 1 2022/2023"]
[Date "2023.01.14"]
[Round "5.1"]
[White "Vos, Thomas"]
[Black "Bruemmer, Frank"]
[Result "0-1"]
[WhiteElo "2022"]
[BlackElo "2185"]
[PlyCount "60"]
[EventDate "2023.??.??"]
[SourceTitle "Verband Muensterland"]
[SourceDate "2023.02.09"]
[SourceVersion "1"]
[SourceVersionDate "2023.02.09"]
[SourceQuality "1"]
[WhiteTeam "SC Falke Saerbeck 1"]
[BlackTeam "SC Klein-Berlin Rheine 1"]

1. Nf3 Nc6 2. d4 d6 3. e3 e5 4. d5 Nce7 5. Nc3 f5 6. Bb5+ c6 7. Bc4 Nf6 8. dxc6
bxc6 9. Nxe5 d5 10. Be2 Qc7 11. Qd4 Rb8 12. Nd3 Ng6 13. h4 Bd6 14. h5 Ne5 15.
Qh4 O-O 16. Nf4 Neg4 17. O-O d4 18. Bc4+ Kh8 19. Nce2 dxe3 20. Bxe3 Nd5 21.
Nxd5 cxd5 22. Bb3 Ba6 23. Rfe1 Nxe3 24. fxe3 Rb4 25. Nd4 Bg3 26. Qg5 h6 27. Qg6
Rxd4 28. exd4 Qf4 29. Qxa6 Bf2+ 30. Kf1 Be3+ 0-1

[Event "SC Klein-Berlin Rheine 1 - SC Falke Sae"]
[Site "Regionalliga, Gr. 1 2022/2023"]
[Date "2023.01.14"]
[Round "5.2"]
[White "Ottens, Stephan"]
[Black "Fischer, Andreas"]
[Result "1-0"]
[WhiteElo "2103"]
[BlackElo "1942"]
[PlyCount "75"]
[EventDate "2023.??.??"]
[SourceTitle "Verband Muensterland"]
[SourceDate "2023.02.09"]
[SourceVersion "1"]
[SourceVersionDate "2023.02.09"]
[SourceQuality "1"]
[WhiteTeam "SC Klein-Berlin Rheine 1"]
[BlackTeam "SC Falke Saerbeck 1"]

1. e4 e5 2. Nf3 d6 3. d4 Nf6 4. Nc3 Nbd7 5. Bc4 h6 6. O-O Be7 7. h3 c6 8. a4 a5
9. Bb3 Qc7 10. Nh4 O-O 11. Nf5 Re8 12. Nxe7+ Rxe7 13. dxe5 dxe5 14. Be3 Nf8 15.
Qf3 Kh7 16. Bc5 Re8 17. Rad1 Be6 18. Bxf8 Rxf8 19. Bxe6 fxe6 20. Qe3 b6 21. Rd3
Rad8 22. Rfd1 Rxd3 23. Qxd3 Rf7 24. Qd6 Rd7 25. Qxc7 Rxc7 26. Rd6 b5 27. f3 b4
28. Nb1 Rd7 29. Rxd7 Nxd7 30. Nd2 Nb6 31. b3 Kg6 32. Kf2 Kf6 33. Ke3 Ke7 34.
Kd3 h5 35. h4 Kd7 36. Nc4 Nxc4 37. Kxc4 Kd6 38. g3 1-0

[Event "SC Klein-Berlin Rheine 1 - SC Falke Sae"]
[Site "Regionalliga, Gr. 1 2022/2023"]
[Date "2023.01.14"]
[Round "5.3"]
[White "Hegemann, Eike"]
[Black "Henneberger, Sven"]
[Result "1-0"]
[WhiteElo "1913"]
[BlackElo "2059"]
[PlyCount "75"]
[EventDate "2023.??.??"]
[SourceTitle "Verband Muensterland"]
[SourceDate "2023.02.09"]
[SourceVersion "1"]
[SourceVersionDate "2023.02.09"]
[SourceQuality "1"]
[WhiteTeam "SC Falke Saerbeck 1"]
[BlackTeam "SC Klein-Berlin Rheine 1"]

1. e4 c5 2. Nf3 e6 3. b3 Nc6 4. Bb5 Qf6 5. c3 Ne5 6. Be2 Nxf3+ 7. Bxf3 Ne7 8.
Na3 Nc6 9. O-O Bd6 10. Nc4 Bc7 11. Ba3 b5 12. e5 Nxe5 13. Bxa8 bxc4 14. Bxc5 h5
15. Bd4 Qh4 16. g3 Qe7 17. Bxe5 Bxe5 18. Qe2 Qd6 19. Rae1 Bf6 20. Qxc4 Ba6 21.
Qb4 Qc7 22. c4 h4 23. Re2 Bd4 24. Kg2 Bc5 25. Qc3 O-O 26. Bf3 Qb6 27. Qc2 f5
28. Qd3 Bd4 29. Rfe1 g5 30. g4 Kg7 31. Re5 Qd6 32. c5 Bxd3 33. cxd6 fxg4 34.
Rxg5+ Kh6 35. Rxg4 h3+ 36. Kg3 Bc5 37. Rh4+ Kg5 38. Rh5+ 1-0

[Event "SC Klein-Berlin Rheine 1 - SC Falke Sae"]
[Site "Regionalliga, Gr. 1 2022/2023"]
[Date "2023.01.14"]
[Round "5.4"]
[White "Averkamp Peters, Jens"]
[Black "Kipp, Lucas"]
[Result "1/2-1/2"]
[WhiteElo "2003"]
[BlackElo "1913"]
[PlyCount "104"]
[EventDate "2023.??.??"]
[SourceTitle "Verband Muensterland"]
[SourceDate "2023.02.09"]
[SourceVersion "1"]
[SourceVersionDate "2023.02.09"]
[SourceQuality "1"]
[WhiteTeam "SC Klein-Berlin Rheine 1"]
[BlackTeam "SC Falke Saerbeck 1"]

1. e4 d6 2. d4 Nf6 3. Nc3 e5 4. dxe5 dxe5 5. Qxd8+ Kxd8 6. Bg5 Be6 7. Nf3 Nbd7
8. O-O-O Kc8 9. a3 c6 10. Bh4 b5 11. Ng5 Bg4 12. Be2 Bxe2 13. Nxe2 h6 14. Nxf7
Rg8 15. f3 Kc7 16. Bg3 Re8 17. Rd3 g6 18. Rhd1 Re7 19. Nd6 Re6 20. Nf7 Re7 21.
f4 Nxe4 22. Nxe5 Nxe5 23. fxe5 Nxg3 24. Nxg3 Bg7 25. e6 Rxe6 26. Rd7+ Kb6 27.
Rf7 h5 28. Rdd7 Bh6+ 29. Kb1 a5 30. b4 axb4 31. axb4 Ra8 32. Kb2 Be3 33. Nf1
Bg1 34. Rb7+ Ka6 35. Nd2 c5 36. Nf3 Be3 37. Rbe7 Re8 38. Rxe8 Rxe8 39. Rf6+ Kb7
40. bxc5 g5 41. Rb6+ Kc7 42. Rxb5 Kc6 43. c4 g4 44. Nh4 Bxc5 45. Kc2 Re1 46.
Rb1 Re2+ 47. Kd3 Re3+ 48. Kd2 Ra3 49. Rf1 Be7 50. Ng6 Bb4+ 51. Kc2 Bd6 52. Kb2
Re3 1/2-1/2

[Event "SC Klein-Berlin Rheine 1 - SC Falke Sae"]
[Site "Regionalliga, Gr. 1 2022/2023"]
[Date "2023.01.14"]
[Round "5.5"]
[White "Bartsch, Jan"]
[Black "Langhans, Joerg"]
[Result "1/2-1/2"]
[WhiteElo "1790"]
[BlackElo "1971"]
[PlyCount "46"]
[EventDate "2023.??.??"]
[SourceTitle "Verband Muensterland"]
[SourceDate "2023.02.09"]
[SourceVersion "1"]
[SourceVersionDate "2023.02.09"]
[SourceQuality "1"]
[WhiteTeam "SC Falke Saerbeck 1"]
[BlackTeam "SC Klein-Berlin Rheine 1"]

1. d4 d5 2. Nc3 Nf6 3. Bf4 c6 4. e3 Bf5 5. f3 e6 6. g4 Bg6 7. h4 h6 8. h5 Bh7
9. Bd3 Bd6 10. Nge2 Qc7 11. Qd2 Nbd7 12. Bxh7 Nxh7 13. Bxd6 Qxd6 14. f4 Nhf6
15. Rg1 O-O-O 16. O-O-O Kb8 17. Kb1 Rc8 18. Qd3 Nb6 19. e4 dxe4 20. Nxe4 Nxe4
21. Qxe4 Nd7 22. g5 hxg5 23. Rxg5 Nf6 1/2-1/2

[Event "SC Klein-Berlin Rheine 1 - SC Falke Sae"]
[Site "Regionalliga, Gr. 1 2022/2023"]
[Date "2023.01.14"]
[Round "5.6"]
[White "Langhanke, Guenther"]
[Black "Henschen, Daniel"]
[Result "1/2-1/2"]
[WhiteElo "1958"]
[BlackElo "1585"]
[PlyCount "43"]
[EventDate "2023.??.??"]
[SourceTitle "Verband Muensterland"]
[SourceDate "2023.02.09"]
[SourceVersion "1"]
[SourceVersionDate "2023.02.09"]
[SourceQuality "1"]
[WhiteTeam "SC Klein-Berlin Rheine 1"]
[BlackTeam "SC Falke Saerbeck 1"]

1. e4 e6 2. d4 d5 3. Nd2 c5 4. dxc5 Bxc5 5. exd5 Qxd5 6. Ngf3 Nc6 7. Bc4 Qd8 8.
O-O Nf6 9. Qe2 O-O 10. Nb3 Be7 11. Bg5 a6 12. a4 Qc7 13. Rfe1 Rd8 14. h3 Bd7
15. Nbd4 Rac8 16. Nxc6 Qxc6 17. Bd3 Qb6 18. Be3 Bc5 19. Bxc5 Qxc5 20. Ne5 Be8
21. b3 g6 22. c4 1/2-1/2

[Event "SC Klein-Berlin Rheine 1 - SC Falke Sae"]
[Site "Regionalliga, Gr. 1 2022/2023"]
[Date "2023.01.14"]
[Round "5.7"]
[White "Schmidt, Jan Justus"]
[Black "Bruemmer, Andreas"]
[Result "0-1"]
[WhiteElo "1233"]
[BlackElo "1932"]
[PlyCount "60"]
[EventDate "2023.??.??"]
[SourceTitle "Verband Muensterland"]
[SourceDate "2023.02.09"]
[SourceVersion "1"]
[SourceVersionDate "2023.02.09"]
[SourceQuality "1"]
[WhiteTeam "SC Falke Saerbeck 1"]
[BlackTeam "SC Klein-Berlin Rheine 1"]

1. e4 c5 2. Nc3 d6 3. g3 b5 4. Bg2 Bb7 5. d3 e6 6. Be3 Nf6 7. h3 d5 8. e5 Nfd7
9. f4 Nc6 10. d4 cxd4 11. Bxd4 Nxd4 12. Qxd4 Bc5 13. Qd2 Qb6 14. Nf3 O-O 15. a3
a5 16. Rf1 f6 17. exf6 Nxf6 18. Ne5 d4 19. Nd1 b4 20. a4 b3 21. Nd3 bxc2 22.
Qxc2 Bb4+ 23. Nxb4 Qxb4+ 24. Kf2 d3 25. Qxd3 Rad8 26. Qe2 Rd2 27. Bxb7 Rxe2+
28. Kxe2 Qxb7 29. Rf3 Rd8 30. Rb1 Qe4+ 0-1

[Event "SC Klein-Berlin Rheine 1 - SC Falke Sae"]
[Site "Regionalliga, Gr. 1 2022/2023"]
[Date "2023.01.14"]
[Round "5.8"]
[White "Van Dijk, Guido"]
[Black "Welzel, Wilhelm"]
[Result "1/2-1/2"]
[WhiteElo "1824"]
[BlackElo "1522"]
[PlyCount "31"]
[EventDate "2023.??.??"]
[SourceTitle "Verband Muensterland"]
[SourceDate "2023.02.09"]
[SourceVersion "1"]
[SourceVersionDate "2023.02.09"]
[SourceQuality "1"]
[WhiteTeam "SC Klein-Berlin Rheine 1"]
[BlackTeam "SC Falke Saerbeck 1"]

1. e4 c5 2. Nf3 Nc6 3. c3 e5 4. d4 cxd4 5. cxd4 exd4 6. Nxd4 Nf6 7. Nxc6 bxc6
8. Bd3 Bb4+ 9. Bd2 Qe7 10. O-O O-O 11. a3 Bxd2 12. Nxd2 a5 13. Re1 Qe5 14. Qc2
Ba6 15. Bxa6 Rxa6 16. Nf3 1/2-1/2